00989nam a22002417a 450000500170000001000150001702000260003203500130005803700130007108200180008410000280010224501190013026000390024927000790028830000550036750000660042265000490048865000520053765000580058965000370064765000440068470000190072820130508105054.0 aENG-107060 a9788132107071c895.00 aEN-90593 bDBAD/PUB00a940.531452231 aBhattacharjee, Anuradha14aThe second homeland :bPolish refugees in India /cby Anuradha Bhattacharjee ; with the Chronicle of Franek Herzog aNew DelhibSAGE Publicationsc2012 aB1/I-1 Mohan Cooperative Industrial Area , Mathura RoadbNew Delhie110044 axxvi, 322 p. :bill. (some col.), maps c23 cm(Hb) aIncludes bibliographical references (p. [311]-315) and index. 0aPolish peoplezIndiaxHistoryy20th century. 0aWorld War, 1939-1945xDeportations from Poland. 0aWorld War, 1939-1945xDeportations from Soviet Union. 0aRefugeeszSoviet UnionxHistory. 0aRefugeeszIndiaxHistoryy20th century.1 aHerzog, Franek